000
00287nam a22001337a 4500
008
170303b xxu||||| |||| 00| 0 eng d
020
_a
9781416051190
041
_a
eng
080
_a
616.073
100
_a
6
101
_a
SHM
245
_a
RADILOGIC CLINICS
_c
BLAKE.M.A
942
_2
udc
_c
BK
999
_c
6679
_d
6679